KAYA CHIKITSHA (Record no. 8674)

MARC details
000 -LEADER
fixed length control field 00276nam a22001337a 4500
003 - CONTROL NUMBER IDENTIFIER
control field SGT
082 ## - DEWEY DECIMAL CLASSIFICATION NUMBER
Classification number 611
Item number K15S
100 ## - MAIN ENTRY--PERSONAL NAME
Personal name SHUKLA,VIDYADHAR
245 ## - TITLE STATEMENT
Title KAYA CHIKITSHA
260 ## - PUBLICATION, DISTRIBUTION, ETC. (IMPRINT)
Place of publication, distribution, etc VARANASI
Name of publisher, distributor, etc CHAUKHAMBHA PUB
Year of Publication 2015
300 ## - PAGE DESCRIPTION
No. of Pages 396
650 ## - SUBJECT ADDED ENTRY--TOPICAL TERM
Topical term or geographic name as entry element AYURVEDA
942 ## - ADDED ENTRY ELEMENTS (KOHA)
Source of classification or shelving scheme Dewey Decimal Classification
Koha item type Books
Holdings
Withdrawn status Lost status Source of classification or shelving scheme Damaged status Not for loan Collection code Home library Current library Shelving location Date acquired Vendor Name Cost, normal purchase price SGTU Bill Number Total Checkouts Full call number Accession No. (Barcode) Date last seen Bill Date Koha item type Date last borrowed
    Dewey Decimal Classification     AYURVEDA SGT FA-FP Library SGT FA-FP Library Text Book 30/03/2016 CHAUKHAMBHA 225.00 SGTU 1079   611 K15S FA4718 30/03/2016 10/02/2016 Books  
    Dewey Decimal Classification     AYURVEDA SGT FA-FP Library SGT FA-FP Library Text Book 30/03/2016 CHAUKHAMBHA 225.00 SGTU 1079   611 K15S FA4719 30/03/2016 10/02/2016 Books  
    Dewey Decimal Classification     AYURVEDA SGT FA-FP Library SGT FA-FP Library Text Book 30/03/2016 CHAUKHAMBHA 225.00 SGTU 1079 3 611 K15S FA4720 11/04/2025 10/02/2016 Books 11/04/2025
    Dewey Decimal Classification     AYURVEDA SGT FA-FP Library SGT FA-FP Library Text Book 30/03/2016 CHAUKHAMBHA 225.00 SGTU 1079 1 611 K15S FA4721 02/08/2025 10/02/2016 Books 02/08/2025
    Dewey Decimal Classification     AYURVEDA SGT FA-FP Library SGT FA-FP Library Text Book 30/03/2016 CHAUKHAMBHA 225.00 SGTU 1079 1 611 K15S FA4722 25/03/2017 10/02/2016 Books 16/03/2017